English for mass communication: a systemic guide on writing skills (Record no. 29634)

MARC details
000 -LEADER
fixed length control field 00425nam a2200169Ia 4500
020 ## - INTERNATIONAL STANDARD BOOK NUMBER
ISBN 9784643914
050 ## - CALL MARK
Classification number P 96 .E85/
100 ## - STATEMENT OF RESPONSIBILITY--MAIN AUTHOR NAME
Personal name Esimokha, Godwin
245 #0 - TITLE STATEMENT
Title English for mass communication: a systemic guide on writing skills
260 ## - PUBLICATION, DISTRIBUTION, ETC. (IMPRINT)
Place of publication Kwara
260 ## - PUBLICATION, DISTRIBUTION, ETC. (IMPRINT)
Name of publisher Dalaz Prints Offa
260 ## - PUBLICATION, DISTRIBUTION, ETC. (IMPRINT)
Year of publication 2013
300 ## - PHYSICAL DESCRIPTION
Number of Pages 206 p
942 ## - ADDED ENTRY ELEMENTS (KOHA)
Koha item type Books
Holdings
Withdrawn status Lost status Source of classification or shelving scheme Damaged status Not for loan Permanent Location Current Location Date acquired Accession Number Price effective from Koha item type
    Library of Congress Classification     NILE UNIVERSITY OF NIGERIA - MAIN LIBRARY NILE UNIVERSITY OF NIGERIA - MAIN LIBRARY 04/23/2025 0185966 04/23/2025 Books